| 000 | 00897nam a22002777a 4500 | ||
|---|---|---|---|
| 001 | BR2012001025 | ||
| 003 | BR-BrBNA | ||
| 005 | 20230928103852.0 | ||
| 007 | ta | ||
| 008 | 230509b bl.||||| |||| 00| 0 por d | ||
| 040 |
_aBR-BrBNA _bpor _cBiblioteca Nacional de Agricultura |
||
| 041 | _a(Por) | ||
| 072 |
_aE14; E71 _b1122 |
||
| 090 | _ 1122 BR2012001025 | ||
| 110 | 1 |
_aDelegacia Federal de Agricultura do Espírito Santo, Vitória (Brasil). Unidade Regional de Linhares _93067 |
|
| 245 | 1 | _aPrograma de exportação de mamão Papaya do norte do estado do Espírito Santo para os Estados Unidos da América | |
| 260 | 3 |
_aLinhares, ES (Brasil): _c20001. |
|
| 300 | _avp. | ||
| 500 | _a34 tables; 6 illus. | ||
| 650 | _aMAMÃO | ||
| 650 | _aPROJETO DE DESENVOLVIMENTO | ||
| 650 | _aEXPORTAÇÃO | ||
| 650 | _aESPÍRITO SANTO | ||
| 909 |
_a202309 _bLucia _c55 _dLucia Elande |
||
| 942 | _cBK | ||
| 999 |
_c76998 _d76998 |
||